000 00553nam a2200229Ia 4500
003 OSt
005 20221005124729.0
006 a|||||r|||| 00| 0
007 ta
008 221004b |||||||| |||| 00| 0 tel d
024 _a52850
037 _cTextual
040 _aCRL
_cCRL
_btel
041 _2tel
_atel
082 _aL, 35K6
100 _aRao Venkat Eswara Au.
_9635710
245 0 _aNeebu-nee ru
260 _c1966
650 _aMEDICINE
942 _hL, 35K6
_cTEXL
_2cc
999 _c1051442
_d1051442